Statistics for Five Best FIFA World Cup Positions by Confederation

Click here to take the quiz!

General Stats

  • This quiz has been taken 1,616 times
    (1,570 since last reset)
  • The average score is 24 of 27

Answer Stats

ConfederationTop FinisCountry% Correct
UEFAChampionFrance
98%
UEFAChampionGermany
98%
UEFAChampionSpain
98%
AFCGroup Stage7 Countries
97%
CONMEBOLChampionArgentina
97%
CONMEBOLChampionBrazil
97%
UEFAChampionEngland
97%
UEFAChampionItaly
97%
CAFRound of 164 Countries
96%
CONCACAF3rd PlaceUnited States
96%
OFCRound of 16Australia
95%
CONCACAFQuaterfinalMexico
95%
CONMEBOLChampionUruguay
95%
CONMEBOLQuarterfinal3 Countries
94%
CONCACAFGroup Stage6 Countries
93%
AFCRound of 16Japan
93%
AFC4th PlaceSouth Korea
93%
CAFGroup Stage6 Countries
92%
CONMEBOL3rd PlaceChile
92%
OFCGroup StageNew Zealand
92%
CAFQuaterfinalGhana
85%
CONCACAFQuaterfinalCosta Rica
84%
CAFQuaterfinalCameroon
82%
CAFQuaterfinalSenegal
81%
CONCACAFRound of 16Cuba
68%
AFCRound of 16Saudi Arabia
67%
AFCQuaterfinalNorth Korea
64%

Score Distribution

Percentile by Number Answered

Percent of People with Each Score

Your Score History

You have not taken this quiz since the last reset